| 000 | 00913nam a2200205 i 4500 | ||
|---|---|---|---|
| 001 | 73691 | ||
| 003 | ES-MaACL | ||
| 005 | 20240320062527.0 | ||
| 007 | t| | ||
| 008 | 040910s1909 sp |||| | spa d | ||
| 100 | 1 |
_aGómez de la Serna, Ramón, _d1888-1963 _957901 |
|
| 245 | 1 | 3 |
_aEl concepto de la nueva literatura _b: profesión de fe, y de escepticismos, leída y presentada a la discusión en el Ateneo Científico, Artístico y Literario de Madrid / _cpor Ramón Gómez de la Serna, secretario de la Sección de Literatura, de dicho docto centro. |
| 260 |
_aMadrid : _b[s.n., _c1909] ( _fImp. "Aurora") |
||
| 300 |
_a32 p. ; _c20 cm. |
||
| 610 | 2 | 4 |
_aAteneo de Madrid- _vConferencias- _y1900-1939 _91907 |
| 650 | 1 | 4 |
_aLiteratura- _yS.XIX. _9160173 |
| 710 | 2 |
_aAteneo de Madrid. _bSección de Literatura. _91997 |
|
| 852 |
_aES-MaACL _jT-1185-F-1 _z. - Dedicatoria autógrafa del autor |
||
| 999 |
_c73691 _d73691 |
||